Construction output up by 12.4% in euro area (Record no. 114261)

MARC details
000 -LEADER
fixed length control field 01078cad a22002175a 4500
001 - CONTROL NUMBER
control field L156460
008 - FIXED-LENGTH DATA ELEMENTS--GENERAL INFORMATION
fixed length control field 120524e20120217 d f s i000 0 eng d
035 ## - SYSTEM CONTROL NUMBER
System control number (Sirsi) u156460
041 0# - LANGUAGE CODE
Language code of text/sound track or separate title eng
110 2# - MAIN ENTRY--CORPORATE NAME
Corporate name or jurisdiction name as entry element Eurostat
9 (RLIN) 1416
245 00 - TITLE STATEMENT
Title Construction output up by 12.4% in euro area
Medium [electronic resource]
260 ## - PUBLICATION, DISTRIBUTION, ETC.
Date of publication, distribution, etc. 2012
490 #0 - SERIES STATEMENT
Series statement Eurostat News Release
Volume/sequential designation (76/2012) 21 May 2012
520 ## - SUMMARY, ETC.
Summary, etc. In the construction sector, seasonally adjusted production rose by 12.4% in the euro area and by 11.8% in the EU27 in March 2012, compared with the previous month. In February, production fell by 10.4% in the euro area and by 5.7% in the EU27. Compared with March 2011, output in March 2012 decreased by 3.8% in the euro area and by 3.9% in the EU27.
590 ## - LOCAL NOTE (RLIN)
Local note KA
650 24 - SUBJECT ADDED ENTRY--TOPICAL TERM
Topical term or geographic name entry element EUROSTAT MONTHLY CONSTRUCTION INDEX
651 #4 - SUBJECT ADDED ENTRY--GEOGRAPHIC NAME
Geographic name Europe
690 ## - LOCAL SUBJECT ADDED ENTRY--TOPICAL TERM (OCLC, RLIN)
Topical term or geographic name as entry element Construction management
9 (RLIN) 6230
856 40 - ELECTRONIC LOCATION AND ACCESS
Uniform Resource Identifier <a href="https://epp.eurostat.ec.europa.eu/cache/ITY_PUBLIC/4-21052012-AP/EN/4-21052012-AP-EN.PDF">https://epp.eurostat.ec.europa.eu/cache/ITY_PUBLIC/4-21052012-AP/EN/4-21052012-AP-EN.PDF</a>
Public note View the release free of charge at http://epp.eurostat.ec.europa.eu
942 ## - ADDED ENTRY ELEMENTS (KOHA)
Suppress in OPAC 0
Holdings
Withdrawn status Lost status Source of classification or shelving scheme Damaged status Not for loan Home library Current library Shelving location Date acquired Total Checkouts Full call number Barcode Date last seen Copy number Price effective from Koha item type
    Dewey Decimal Classification     Virtual Virtual Online 24/05/2012   ONLINE PUBLICATION 156460-2001 06/08/2019 1 06/08/2019 Book